000 01582cam a2200373 a 4500
999 _c233657
_d233657
001 11761717
003 Nust
005 20170309151204.0
008 990727s2000 nyua c 000 1 eng
010 _a 99042695
020 _a0060283157 (lib. bdg.)
020 _a9780439272636
035 _a(DLC) 99042695
040 _aDLC
_cDLC
_dDLC
042 _alcac
082 0 0 _a823
_bSNI
100 1 _aSnicket, Lemony.
245 1 4 _aThe miserable mill /
_cby Lemony Snicket ;
250 _a1st ed.
260 _aNew York, N.Y. :
_bHarperCollins Publishers,
_c2000.
300 _a194 p. :
_c18 cm
490 1 _aA series of unfortunate events ;
_vbk. 4
520 _aAccidents, evil plots, and general misfortune abound when, in their continuing search for a home, the Beaudelaire orphans are sent to live and work in a sinister lumber mill.
650 1 _aOrphans
_vFiction.
650 1 _aBrothers and sisters
_vFiction.
650 1 _aHumorous stories.
700 1 _aHelquist, Brett,
_eill.
800 1 _aSnicket, Lemony.
_tSeries of unfortunate events ;
_vbk. 4.
856 4 2 _3Publisher description
_uhttp://www.loc.gov/catdir/description/hc043/99042695.html
906 _a7
_bcbc
_corignew
_d1
_eocip
_f19
_gy-gencatlg
942 _2ddc
_cBK